| 000 | 00682nam a22002172 4500 | ||
|---|---|---|---|
| 001 | 0000006300 | ||
| 005 | 20151217145832.0 | ||
| 008 | 071015s xx 000 0 eng d | ||
| 020 |
_a817029729X : _cKES 2500 |
||
| 040 |
_aKABU _cKABU |
||
| 100 | 1 |
_aNelson, Mark. _@0000157718 |
|
| 245 | 1 | 4 |
_aThe Data compression book / _cMark Nelson, Jean-Loup Gailly. |
| 250 | _a2nd ed. | ||
| 260 |
_aNew Delhi : _bBPB Publications, _c1996. |
||
| 300 |
_axiii, 557 p. + _e1 cd-rom. |
||
| 650 | 0 |
_aData compression ( computer science) _@0000157719 |
|
| 700 | 1 |
_aGailly, Jean-Loup. _@0000157720 |
|
| 908 | _a071015 | ||
| 950 | _@1 | ||
| 999 |
_c3099 _d3099 |
||